01123 2200373 4500001002100000005001500021007000300036008004100039020002200080035002000102040001200122082001100134084001700145090002200162100002900184245013600213250001000349264003100359300003100390336002100421337003000442338002300472650001100495700003700506700004000543700003600583850001000619990002000629990002000649990002000669990002000689990002000709990002000729INLIS00000000000887120260513022506ta260513 0  a978-979-075-279-5 a0010-1022000246 aSBPUPAD a551.46 a551.46 WOO l a551.47 ELK t 16-51 aWoodward,JhonePengarang1 aLautan :bPerjalanan Mengagumkan Mengarungi Samudera /cWoodward,Jhon;Penerjemah,Dyah Ruci ;Editor,Winny Rachmayanti,Michael Tobing aCet.5 aJakarta :bErlangga,c2015 a128 Hlm :billus. ;c25 cm 2rdacontentateks 2rdamediaatanpa perantara 2rdacarrieravolume 4aLautan0 aEditor,Michael TobingePengarang0 aEditor,Winny RachmayantiePengarang0 aPenerjemah,Dyah RuciePengarang aPUPAD a27.175/P/DPK/17 a27.176/P/DPK/17 a27.179/P/DPK/17 a27.180/P/DPK/17 a27.181/P/DPK/17 a27.183/P/DPK/17